LIBRARY & INFORMATION CENTRE, KCAET, TAVANUR

ONLINE PUBLIC ACCESS CATALOGUE (OPAC)

Basic structural analysis / (Record no. 1316)

MARC details
000 -LEADER
fixed length control field 00387cam a2200157ua 4500
003 - CONTROL NUMBER IDENTIFIER
control field OSt
008 - FIXED-LENGTH DATA ELEMENTS--GENERAL INFORMATION
fixed length control field 250527b |||||||| |||| 00| 0 eng d
041 ## - LANGUAGE CODE
Language code of text/sound track or separate title eng
082 ## - DEWEY DECIMAL CLASSIFICATION NUMBER
Classification number 624.171
Item number RED/BA
100 ## - MAIN ENTRY--AUTHOR NAME
Personal name Reddy, C.S .
245 ## - TITLE STATEMENT
Title Basic structural analysis /
250 ## - EDITION STATEMENT
Edition statement 1 /
260 ## - PUBLICATION, DISTRIBUTION, ETC. (IMPRINT)
Place of publication :
Name of publisher Tata Mc-Graw Hill Publishing Company ,
Year of publication 1990.
300 ## - PHYSICAL DESCRIPTION
Number of Pages 594 ; .
942 ## - ADDED ENTRY ELEMENTS (KOHA)
Koha item type Books
Holdings
Withdrawn status Lost status Damaged status Home library Current library Date acquired Full call number Accession Number Koha item type
      KAUAET KAUAET 07/04/2012 624.171 RED/BA 18807 Books
      KAUAET KAUAET 07/04/2012 624.171 RED/BA 18808 Books
      KAUAET KAUAET 07/04/2012 624.171 RED/BA 18810 Books
      KAUAET KAUAET 07/04/2012 624.171 RED/BA 16949 Books
      KAUAET KAUAET 07/04/2012 624.171 RED/BA 18809 Books
      KAUAET KAUAET 07/04/2012 624.171 RED/BA 16807 Books
      KAUAET KAUAET 07/04/2012 624.171 RED/BA 15693 Books
free website counter